| 000 | 00519cam a2200205 4500 | ||
|---|---|---|---|
| 008 | 000000n2001 000 0 eng u | ||
| 020 | _a1870776186 | ||
| 035 | _a(Sirsi) u112107 | ||
| 041 | _aENG | ||
| 050 | _a690.2 | ||
| 110 |
_aWatts and Partners _92303 |
||
| 245 | _aWatts pocket handbook 2001 | ||
| 260 |
_aLondon _bWatts & Partners _c2001 |
||
| 300 | _av,194p. ; 18cm. | ||
| 350 | _a7.99 | ||
| 650 | _aPROPERTY INDUSTRY | ||
| 650 | _aCONSTRUCTION INDUSTRY | ||
| 690 | _aBUILT ENVIRONMENT | ||
| 942 | _n0 | ||
| 999 |
_c101361 _d101361 |
||